000
00179nam a2200073Ia 4500
008
170620s9999 xx 000 0 und d
100
_a
GUPTA
245
0
_a
EDUCATION IN THE 21 ST CENTURY LOOKING
260
_b
SHIPRA
999
_c
26812
_d
26812